Faculty of Law Library — Cairo University

Official Online Catalog

Authority And Delinquency In The Modern State : (Record no. 73424)

MARC details
000 -LEADER
fixed length control field 01102nam a2200313 i 4500
003 - CONTROL NUMBER IDENTIFIER
control field EG-GICUC
005 - DATE AND TIME OF LATEST TRANSACTION
control field 20260426100350.0
008 - FIXED-LENGTH DATA ELEMENTS--GENERAL INFORMATION
fixed length control field 260426s1950 enk||||fr|||| 00| 0 eng d
040 ## - CATALOGING SOURCE
Original cataloging agency EG-GiCUC
Language of cataloging eng
Transcribing agency EG-GiCUC
Modifying agency EG-GiCUC
Description conventions rda
041 ## - LANGUAGE CODE
Language code of text/sound track or separate title eng
082 04 - DEWEY DECIMAL CLASSIFICATION NUMBER
Edition number 21
Classification number 343.62
Item number CO.A
092 04 - LOCALLY ASSIGNED DEWEY CALL NUMBER (OCLC)
Edition number 21
099 ## - LOCAL FREE-TEXT CALL NUMBER (OCLC)
Classification number Law1 10 343.62 CO.A 1950
100 1# - MAIN ENTRY--PERSONAL NAME
Personal name Comfort , Alex
Relator term Author.
245 ## - TITLE STATEMENT
Title Authority And Delinquency In The Modern State :
Remainder of title A Criminological Approach To The Problem Of Power /
Statement of responsibility, etc. Alex Comfort .
264 ## - PRODUCTION, PUBLICATION, DISTRIBUTION, MANUFACTURE, AND COPYRIGHT NOTICE
Place of production, publication, distribution, manufacture London :
Name of producer, publisher, distributor, manufacturer Routledge And Kegan Paul Ltd ,
Date of production, publication, distribution, manufacture, or copyright notice 1950 .
300 ## - PHYSICAL DESCRIPTION
Extent 112 pages ,
Dimensions 24 cm
336 ## - CONTENT TYPE
Source rda content
Content type term text
337 ## - MEDIA TYPE
Source rda media
Media type term Computer
338 ## - CARRIER TYPE
Source rda carrier
Carrier type term Online Resource
546 ## - LANGUAGE NOTE
Language note Text in English
650 1# - SUBJECT ADDED ENTRY--TOPICAL TERM
Topical term or geographic name entry element Criminal law
650 1# - SUBJECT ADDED ENTRY--TOPICAL TERM
Topical term or geographic name entry element alnazariaat almufasirat lilsuluk al'iijramii = aleawamil al'iijramiat bisifat eama Theories explaining criminal behavior
650 1# - SUBJECT ADDED ENTRY--TOPICAL TERM
Topical term or geographic name entry element criminal factors in general
651 1# - SUBJECT ADDED ENTRY--GEOGRAPHIC NAME
Source of heading or term qrmak
856 40 - ELECTRONIC LOCATION AND ACCESS
Uniform Resource Identifier <a href="https://fll.law.cu.edu.eg/fulltext/bks/B10-10955.pdf">https://fll.law.cu.edu.eg/fulltext/bks/B10-10955.pdf</a>
905 ## - Cataloger and Reviser Names
Cataloger Name: Hager Sameh
942 ## - ADDED ENTRY ELEMENTS (KOHA)
Source of classification or shelving scheme Dewey Decimal Classification
Koha item type Books
Edition 21
Suppress in OPAC No
Holdings
Withdrawn status Lost status Source of classification or shelving scheme Damaged status Not for loan Collection Home library Current library Date acquired Total checkouts Full call number Barcode Date last seen Copy number Price effective from Koha item type
    Dewey Decimal Classification   Not for loan القانون الجنائي جــــامعة القــاهرة مكتبة كلية الحقوق - المبنى الرئيسي 26.04.2026   Law1 10 343.62 CO.A 1950 1010955 C1 B10-10955 26.04.2026 1 26.04.2026 Books

© All rights reserved — Faculty of Law, Cairo University